La nueva desigualdad social mexicana

Detalles Bibliográficos
Autor principal: Vite Přez, Miguel ℓngel
Formato: eBook
Lenguaje:español
Publicado: Ciudad de Mx̌ico: Cm̀ara de Diputados, 2007
Materias:
Acceso en línea:Acceso restringido

MARC

LEADER 00000nam a22000007a 4500
005 20171205191032.0
007 cr|||| ||||
008 171205s2007 mx |||||s|||| 00||0 spa d
020 |a 978-970-701-937-9 
035 |a 20819 
040 |a vLex 
090 |c 7273  |d 7273 
100 1 |a Vite Přez, Miguel ℓngel 
245 1 3 |a La nueva desigualdad social mexicana  |h [Recurso electrn̤ico] /  |c Miguel ℓngel Vite Přez  
256 |a Servicio en ln̕ea 
260 |a Ciudad de Mx̌ico:  |b Cm̀ara de Diputados,  |c 2007 
300 |a 1 recurso electrn̤ico 
506 1 |a Disponible solo en los productos indicados  |d vLex Global  |d vLex Global (Academic Edition, excluding Law Schools)  |d vLex Global (U.S. Academic Edition, Law Schools)  |d vLex Global (U.S. Academic Edition, excluding Law Schools)  |d vLex Global (Academic Edition, Law Schools) 
650 0 4 |a Ciencias sociales  |z Mx̌ico 
740 0 |a vLex Libros (Servicio en ln̕ea) 
856 4 0 |u http://vlex.com/source/nueva-desigualdad-social-mexicana-20819  |z Acceso restringido 
942 |c BOOK 
999 0 |a Social science